[Event "ISR-chT"]
[Site "Israel"]
[Date "2023.01.18"]
[Round "4.1"]
[White "Shohat, Yotam"]
[Black "Abergel, Thal"]
[Result "1/2-1/2"]
[WhiteElo "2284"]
[BlackElo "2392"]
[PlyCount "73"]
[EventDate "2023.01.11"]
[EventType "team-tourn"]
[EventRounds "11"]
[EventCountry "ISR"]
[SourceTitle "CBM 212 Extra"]
[Source "ChessBase"]
[SourceDate "2023.03.31"]
[SourceVersion "1"]
[SourceVersionDate "2023.03.31"]
[SourceQuality "1"]
[WhiteTeam "Haifa Nesher"]
[BlackTeam "Netanya"]
[WhiteTeamCountry "ISR"]
[BlackTeamCountry "ISR"]

1. e4 c5 2. Nf3 d6 3. d4 Nf6 4. Nc3 cxd4 5. Nxd4 Nc6 6. Bc4 e6 7. Bb3 a6 8. f4 Be7 9. f5 Nxd4 10. Qxd4 0-0 11. 0-0 Ng4 12. Kh1 Bf6 13. Qd1 Ne5 14. Ne2 b5 15. Nf4 Nc4 16. Nh5 exf5 17. exf5 Bb7 18. Bxc4 bxc4 19. Qg4 Re8 20. Bh6 Re4 21. Rf4 Rxf4 22. Bxf4 Qe7 23. Bd2 Re8 24. Nxf6+ Qxf6 25. Bc3 Qh6 26. f6 Qg6 27. Qxg6 hxg6 28. fxg7 Re2 29. Re1 Bxg2+ 30. Kg1 Rxe1+ 31. Bxe1 Be4 32. Bc3 f5 33. h4 f4 34. Kf2 Kh7 35. Bf6 f3 36. b4 cxb3 37. cxb3 1/2-1/2

[Event "Riga Tech op 11th"]
[Site "Riga"]
[Date "2022.08.21"]
[Round "9"]
[White "Abergel, Thal"]
[Black "Kulaots, Kaido"]
[Result "0-1"]
[WhiteElo "2408"]
[BlackElo "2538"]
[PlyCount "124"]
[EventDate "2022.08.15"]
[EventType "swiss"]
[EventRounds "9"]
[EventCountry "LAT"]
[SourceTitle "CBM 209 Extra"]
[Source "ChessBase"]
[SourceDate "2022.09.30"]
[SourceVersion "1"]
[SourceVersionDate "2022.09.30"]
[SourceQuality "1"]

1. e4 c5 2. Nf3 d6 3. d4 cxd4 4. Nxd4 Nf6 5. Nc3 a6 6. Bg5 Nc6 7. Qd2 e6 8. 0-0-0 Bd7 9. f4 b5 10. a3 Be7 11. Nf3 Qa5 12. Bxf6 gxf6 13. Nd4 Nxd4 14. Qxd4 Rb8 15. Qa7 Qb6 16. Qxb6 Rxb6 17. Be2 a5 18. Bf3 0-0 19. Ne2 b4 20. axb4 axb4 21. Kd2 Ra8 22. Ra1 Rba6 23. Rxa6 Rxa6 24. Nc1 d5 25. exd5 exd5 26. Nd3 Be6 27. Re1 Bd6 28. g3 Kf8 29. Nc1 Bc5 30. Nd3 Bd6 31. Nc1 Bc5 32. Nb3 Bb6 33. Be2 Ra2 34. Rb1 Ke7 35. Bd3 h6 36. Nc1 Ra8 37. Ne2 Kd6 38. f5 Bd7 39. Rf1 Ra2 40. b3 Ke5 41. Re1 Kd6 42. g4 Ra8 43. Rf1 Rg8 44. h3 Ra8 45. Nf4 Bd4 46. Ke2 Re8+ 47. Kf3 Bc6 48. Kg3 Re3+ 49. Rf3 Re1 50. Kh4 Rh1 51. Rf1 Rh2 52. Kh5 Be3 53. Kxh6 Ke5 54. Kg7 Bxf4 55. Re1+ Kd6 56. Kxf6 Rxh3 57. Kxf7 Bd7 58. Rg1 Be3 59. Rg2 d4 60. Be4 Ke5 61. Bb7 Bb5 62. g5 Rh7+ 0-1

[Event "Riga Tech Rapid op"]
[Site "Riga"]
[Date "2022.08.14"]
[Round "1"]
[White "Nainys, Zanas1111"]
[Black "Abergel, Thal"]
[Result "1/2-1/2"]
[WhiteElo "1611"]
[BlackElo "2408"]
[PlyCount "116"]
[EventDate "2022.08.14"]
[EventType "swiss (rapid)"]
[EventRounds "9"]
[EventCountry "LAT"]
[SourceTitle "CBM 209 Extra"]
[Source "ChessBase"]
[SourceDate "2022.09.30"]
[SourceVersion "1"]
[SourceVersionDate "2022.09.30"]
[SourceQuality "1"]

1. d4 d5 2. c4 e6 3. Nf3 a6 4. Nbd2 Nf6 5. g3 Be7 6. Bg2 Nbd7 7. 0-0 0-0 8. Qc2 b6 9. e4 dxe4 10. Nxe4 Bb7 11. Nfg5 Nxe4 12. Nxe4 Qc8 13. c5 Bd5 14. Bf4 bxc5 15. dxc5 c6 16. Bd6 Bxd6 17. Nxd6 Qc7 18. Be4 h6 19. b4 a5 20. a3 Rfb8 21. Rab1 axb4 22. axb4 Nf6 23. Bxd5 Nxd5 24. b5 cxb5 25. Nxb5 Qa5 26. Nd4 Rc8 27. Rb5 Qc3 28. Qxc3 Nxc3 29. Rb3 Rxc5 30. Rc1 Rac8 31. Kg2 g6 32. Rb2 Ne4 33. Rxc5 Rxc5 34. Kf3 Nd6 35. Rb8+ Kg7 36. Rb3 Nc4 37. Kg2 Ne5 38. Nf3 Ng4 39. h3 Nf6 40. Rb7 Ne4 41. Rb4 f5 42. Nd4 Kf6 43. Rb6 Ke5 44. Nxe6 Rc2 45. Nf4 Rxf2+ 46. Kg1 Rf3 47. Rxg6 Rxg3+ 48. Rxg3 Nxg3 49. Nd3+ Ke4 50. Nc5+ Kf3 51. Nd3 Ne2+ 52. Kh2 f4 53. Ne5+ Ke4 54. Ng4 f3 55. Nxh6 Nf4 56. Ng4 Nd3 57. Kg3 f2 58. Nxf2+ Nxf2 1/2-1/2

[Event "Riga Tech Rapid op"]
[Site "Riga"]
[Date "2022.08.14"]
[Round "5"]
[White "Posaskov, Nikita"]
[Black "Abergel, Thal"]
[Result "0-1"]
[WhiteElo "1959"]
[BlackElo "2408"]
[PlyCount "146"]
[EventDate "2022.08.14"]
[EventType "swiss (rapid)"]
[EventRounds "9"]
[EventCountry "LAT"]
[SourceTitle "CBM 209 Extra"]
[Source "ChessBase"]
[SourceDate "2022.09.30"]
[SourceVersion "1"]
[SourceVersionDate "2022.09.30"]
[SourceQuality "1"]

1. e4 c5 2. Nf3 d6 3. Bb5+ Bd7 4. a4 e6 5. 0-0 Be7 6. Re1 Nf6 7. Bxd7+ Qxd7 8. d4 cxd4 9. Nxd4 Nc6 10. c4 0-0 11. Nc3 Nb4 12. b3 Rfd8 13. Bb2 a5 14. Qd2 Ne8 15. Rad1 Nc7 16. Ndb5 Nca6 17. e5 d5 18. cxd5 exd5 19. Nd4 Nc5 20. Qe3 Rac8 21. Qf3 Bf8 22. h4 Ne6 23. Ncb5 Nc2 24. Re2 Ncxd4 25. Nxd4 Bc5 26. Nf5 Bb4 27. Nd4 Qe7 28. Nf5 Qd7 29. Nd4 Nxd4 30. Rxd4 Qe6 31. Rf4 Rc6 32. Rf6 Qe8 33. e6 Rxe6 34. Rfxe6 fxe6 35. Qg4 Qg6 36. Qd4 Be7 37. Rxe6 Qf7 38. Re3 Bf6 39. Qb6 d4 40. Rd3 Qd5 41. Qc7 Qe4 42. Qc4+ Kh8 43. Rd1 Qxh4 44. Qc7 Qg4 45. Qc2 h6 46. Rd3 Re8 47. Qd1 Qe4 48. f3 Qd5 49. Qd2 b6 50. Qd1 Rd8 51. Bc1 Rc8 52. Bb2 Qg5 53. Qd2 Qg6 54. Bxd4 Bxd4+ 55. Rxd4 Rc2 56. Rd8+ Kh7 57. Qd3 Rxg2+ 58. Kf1 Qxd3+ 59. Rxd3 Rg6 60. Rd5 Rc6 61. Rb5 Kg6 62. Kf2 h5 63. Kg3 Kh6 64. Kf4 Rg6 65. Rd5 h4 66. Rd8 Kh7 67. Rd2 Rg1 68. Rb2 g6 69. b4 axb4 70. Rxb4 h3 71. Rb2 Rg2 72. Rxb6 h2 73. Rb7+ Kg8 0-1

[Event "Bundesliga 1920"]
[Site "Germany"]
[Date "2021.10.15"]
[Round "11.6"]
[White "Abergel, Thal"]
[Black "Zelbel, Patrick"]
[Result "1/2-1/2"]
[WhiteElo "2469"]
[BlackElo "2445"]
[PlyCount "81"]
[EventDate "2019.11.23"]
[EventType "team-tourn"]
[EventRounds "15"]
[EventCountry "GER"]
[SourceTitle "EXT 2022"]
[Source "ChessBase"]
[SourceDate "2021.10.06"]
[SourceVersion "1"]
[SourceVersionDate "2021.10.06"]
[SourceQuality "1"]
[WhiteTeam "Viernheim"]
[BlackTeam "Muelheim Nord"]
[WhiteTeamCountry "GER"]
[BlackTeamCountry "GER"]

1. d4 Nf6 2. Nf3 g6 3. Nc3 d5 4. Bf4 Bg7 5. Nb5 Na6 6. e3 c6 7. Nc3 Nc7 8. Be2 0-0 9. Be5 Nce8 10. Nd2 Nd6 11. 0-0 b6 12. Re1 Re8 13. Bf3 Be6 14. e4 dxe4 15. Ncxe4 Ndxe4 16. Nxe4 Bd5 17. Nd2 b5 18. c3 Bxf3 19. Nxf3 Qd5 20. Qc2 c5 21. dxc5 Qxc5 22. Bd4 Qc7 23. Qb3 a6 24. a4 Qb7 25. axb5 axb5 26. Rxa8 Rxa8 27. c4 b4 28. h3 e6 29. Qe3 Qc7 30. b3 Nd7 31. Bxg7 Kxg7 32. Nd4 e5 33. Nb5 Qc5 34. Qe2 Ra6 35. Qb2 h5 36. Re2 Re6 37. Qd2 Nf6 38. Qg5 Nh7 39. Qd8 Nf6 40. Nc7 Rd6 41. Ne8+ 1/2-1/2

[Event "Paracin Orbis GM 4th"]
[Site "Paracin"]
[Date "2021.07.29"]
[Round "8"]
[White "Ramoutar, Alan Safar"]
[Black "Abergel, Thal"]
[Result "0-1"]
[WhiteElo "2344"]
[BlackElo "2414"]
[PlyCount "78"]
[EventDate "2021.07.24"]
[EventType "tourn"]
[EventRounds "9"]
[EventCountry "SRB"]
[EventCategory "6"]
[SourceTitle "CBM 203 Extra"]
[Source "ChessBase"]
[SourceDate "2021.09.30"]
[SourceVersion "1"]
[SourceVersionDate "2021.09.30"]
[SourceQuality "1"]

1. e4 c5 2. Nc3 a6 3. g3 h5 4. Bg2 Nc6 5. d3 e6 6. Nh3 Be7 7. f4 d6 8. 0-0 Bd7 9. f5 e5 10. Nd5 Nf6 11. c3 Nxd5 12. exd5 Na7 13. Be3 Bf6 14. Qd2 Qc7 15. Nf2 Bxf5 16. Ne4 Bxe4 17. Bxe4 0-0-0 18. Rf5 Kb8 19. Raf1 Rdf8 20. Qf2 Nc8 21. h4 c4 22. Rxf6 gxf6 23. Qxf6 cxd3 24. Bxd3 Qa5 25. Be4 Qxa2 26. Bh6 Rd8 27. Bg7 Rhe8 28. Qxf7 Re7 29. Qg6 Rg8 30. Rf7 Qa1+ 31. Kh2 Qxb2+ 32. Bg2 Ree8 33. Qxh5 Qxc3 34. Qg5 a5 35. h5 a4 36. h6 a3 37. h7 a2 38. hxg8Q Rxg8 39. Bxe5 Rh8+ 0-1

[Event "Paracin Orbis GM 4th"]
[Site "Paracin"]
[Date "2021.07.27"]
[Round "6"]
[White "Safarli, Eltaj"]
[Black "Abergel, Thal"]
[Result "1-0"]
[WhiteElo "2604"]
[BlackElo "2414"]
[PlyCount "34"]
[EventDate "2021.07.24"]
[EventType "tourn"]
[EventRounds "9"]
[EventCountry "SRB"]
[EventCategory "6"]
[SourceTitle "CBM 203 Extra"]
[Source "ChessBase"]
[SourceDate "2021.09.30"]
[SourceVersion "1"]
[SourceVersionDate "2021.09.30"]
[SourceQuality "1"]

1. e4 c5 2. Nf3 d6 3. Nc3 a6 4. g3 b5 5. d4 b4 6. Nd5 e6 7. Ne3 Bb7 8. d5 Nf6 9. dxe6 fxe6 10. Bh3 Bxe4 11. 0-0 Nc6 12. Ng5 d5 13. Nxe6 Qd6 14. f3 Bg6 15. Re1 Ne5 16. f4 Be4 17. fxe5 Qxe5 1-0